000 00778cam a22002291 4500
001 24207
003 BD-RjUL
005 20211209001024.0
008 800717s1842 enk 000 0beng
035 _a(BD-RjUL)24273
035 _a(BD-RjUL)24273
040 _aDLC
_cTxCM
_dBD-RjUL
_dBD-RjUL
_beng
041 _aeng
082 _a942.0730924
_bSPE 1969
100 1 _aSheridan, Richard Brinsley,
_d1751-1816.
_974562
245 1 4 _aThe speeches of the Right Honourable Richard Brinsley Sheridan :
_bWith a sketch of his life /
_cEd. by a constitutional friend .
260 _aLondon,
_bH.G. Bohn,
_c1842 [Reissued 1969]
300 _axvi ,548 p. :
_c22 cm.
_bill. ;
651 0 _aGreat Britain
_xHistory
_yGeorge III, 1760-1820.
_973910
942 _2ddc
_cBK
999 _c24207
_d24207